000 00453nam a22001817a 4500
005 20200522100240.0
008 200522b xxu||||| |||| 00| 0 eng d
020 _a978019947496
041 _aeng
082 _a340 PAT
100 _aPaton, GW and Derham , David P.
_95730
245 _aA Textbook of Jurisprudence
250 _a4'th ed.
260 _aNew Delhi
_bOxford University Press
300 _a659, xvii
650 _aLAW
_95701
942 _cBK
999 _c6418
_d6416